00328nam a22001337a 4500003000400000008004100004020001800045082001600063100002100079245002700100260003800127300001000165650001900175OSt240702b |||||||| |||| 00| 0 eng d a9780141033570 a153.42bKAT aKAHNEMAN, Daniel aThinking Fast and Slow aUK:bPenguin Random House,c2011. a610p. aGeneral Books